Responses for Show #7976 - Monday, April 22, 2019

James Holzhauer game 13.

Contestants

[<< previous game]

Rebecca McNitt, an archivist from Ann Arbor, Michigan

Rob Hornick, a product manager from San Francisco, California

James Holzhauer, a professional sports gambler from Las Vegas, Nevada (whose 12-day cash winnings total $851,926)

[next game >>]

Jeopardy! Round responses

HAPPY EARTH DAY TO YOU!
THE 20-TEENS
REALITY TV
DOUBLE-LETTER PLACES
JEOPARD"IZED"
THEY PLANNED THEIR OWN FUNERAL
    $200 9
the equinox

Rob
    $200 29
[The end-of-round signal sounds.]

Jersey Shore

James
    $200 25
(Alex: With less than a minute to go.)

Nassau

James
    $200 4
standardized

James
    $200 16
Liz Taylor

Rebecca
    $400 20
an oil spill

Rob
    $400 27
Pokémon Go

James
    $400 28
Fear Factor

Rebecca
    $400 26
the Matterhorn

James
    $400 24
publicized

Rebecca
    $400 17
Nancy Reagan

Rebecca
    $600 10
"Rocky Mountain High"

Triple Stumper
    $600 22
Chris Christie

James
    $600 11
Undercover Boss

James
    $600 23
Lubbock

James
    $600 15
hospitalized

Rebecca
    $600 18
the Queen Mum

James
    $800 21
(David) Dinkins

James
    $800 6
marijuana

James
    $800 19
Flip or Flop

Rebecca
    $800 12
Entebbe

James
    $800 13
pint-sized

James
    $800 14
Gregg Allman

Rob
    $1000 5
(Rebecca: What is littering?)

pollution

RobRebecca
    $1,000 1
Catalonia

James
    $1000 8
hoarding

Rebecca
    $1000 2
Baffin

James
    $1000 7
oxidized

James
    $1000 3
Franklin Roosevelt

Rebecca

Scores at the first commercial break (after clue 15):

James Rob Rebecca
$6,200 $2,000 $1,600

Scores at the end of the Jeopardy! Round:

James Rob Rebecca
$10,000 $2,400 $3,800

Double Jeopardy! Round responses

COMMUNITIES
I WROTE IT
WORDS FROM ITALIAN
ACTORS
NEW COUNTRY
SCIENCE & NATURE
    $400 30
(Rob: What is a preschool?)

kindergarten

JamesRob
    $400 27
Machiavelli

Rebecca
    $400 28
falsetto

James
    $400 21
(Leonardo) DiCaprio

Rob
    $400 25
the Red Sea

James
    $400 23
clot

James
    $800 29
suburbs

James
    $800 26
Beatrix Potter

James
    $800 19
a casino

James
    $800 20
Regina King

Rebecca
    $800 24
Namibia

James
    $800 22
thermodynamics

James
    $1200 5
community organizer

James
    $1200 12
Ralph Ellison

James
    $1200 18
a regatta

James
    $1200 17
Tilda Swinton

James
    $9,812 3
North and South Yemen

James
    $1200 10
anteater

James
    $1600 4
global village

Triple Stumper
    $1600 9
C.S. Lewis

James
    $1600 7
novella

Rob
    $1600 16
Hervé Villechaize

Rebecca
    $1600 2
Micronesia

James
    $1600 1
phosphorescence

James
    $2000 6
an ashram

Triple Stumper
    $11,914 13
Rousseau

James
    $2000 8
(Rob: What is a magazine?)
(Rebecca: What is an armory?)

an arsenal

RobRebecca
Triple Stumper
    $2000 15
(Bradley) Whitford

James
    $2000 14
Kosovo

James
    $2000 11
Kaspar Hauser

Triple Stumper

Scores at the end of the Double Jeopardy! Round:

James Rob Rebecca
$52,126 $2,000 $4,600
(lock game)

[wagering suggestions for these scores]

Final Jeopardy! Round responses

19th CENTURY BRITS
(Alex: [To Rob] The famous [*] marbles.)
...
(Alex: [After reading James' response] Family members or friends?)
(James: Friends. I'm running out of family members.)
RobWho is Elgin
$727
RebeccaWho is Melbourne?
$599
JamesWho is Elgin? Hi Zach Emma & Lilly ♥
$38,686
(Lord) Elgin

Final scores:

James Rob Rebecca
$90,812 $2,727 $4,001
13-day champion: $942,738 3rd place: $1,000 2nd place: $2,000

Game dynamics:

Coryat scores:

James Rob Rebecca
$33,600 $2,000 $4,600
37 R
(including 3 DDs),
0 W
6 R,
2 W
11 R,
2 W

Combined Coryat: $40,200

[game clues] [game scores] [suggest correction]

Game tape date: 2019-02-26
The J! Archive is created by fans, for fans. Scraping, republication, monetization, and malicious use prohibited; this site may use cookies and collect identifying information. See terms. The Jeopardy! game show and all elements thereof, including but not limited to copyright and trademark thereto, are the property of Jeopardy Productions, Inc. and are protected under law. This website is not affiliated with, sponsored by, or operated by Jeopardy Productions, Inc. Join the discussion at JBoard.tv.